มุมมองปกติ
มุมมองแบบ MARC
- การประชุมประจำปีรัฐสภาภาคพื้นเอเชียและแปซิฟิก
รายการ Meeting Name
001 - CONTROL NUMBER
- control field: 67423
003 - CONTROL NUMBER IDENTIFIER
- control field: NALT
005 - DATE AND TIME OF LATEST TRANSACTION
- control field: 20260223133538.0
008 - FIXED-LENGTH DATA ELEMENTS
- fixed length control field: 260223|| aca||aabn | a|a d
040 ## - CATALOGING SOURCE
- Original cataloging agency: NALT
111 ## - HEADING--MEETING NAME
- Meeting name or jurisdiction name as entry element: การประชุมประจำปีรัฐสภาภาคพื้นเอเชียและแปซิฟิก
